Delitos contra la fe pública : (Registro nro. 5952)

Detalles MARC
000 -LEADER
fixed length control field 00894nam a2200241Ia 4500
003 - CONTROL NUMBER IDENTIFIER
control field OSt
005 - DATE AND TIME OF LATEST TRANSACTION
control field 20200909182720.0
008 - FIXED-LENGTH DATA ELEMENTS--GENERAL INFORMATION
fixed length control field 191128s1982 ck fr 000 0 spa d
040 ## - CATALOGING SOURCE
Original cataloging agency CO-JMCR
Transcribing agency CO-JMCR
041 0# - LANGUAGE CODE
Language code of text/sound track or separate title spa
082 04 - DEWEY DECIMAL CLASSIFICATION NUMBER
Classification number 364.133 /
Item number M657d
Edition number 23
100 1# - MAIN ENTRY--PERSONAL NAME
Personal name Montenegro Beltran, Calixto,
Relator term autor
9 (RLIN) 10074
245 10 - TITLE STATEMENT
Title Delitos contra la fe pública :
Remainder of title comentarios /
Statement of responsibility, etc. Calixto Montenegro Beltran
250 ## - EDITION STATEMENT
Edition statement 1a. edición
260 ## - PUBLICATION, DISTRIBUTION, ETC.
Place of publication, distribution, etc. Bogotá :
Name of publisher, distributor, etc. Editorial Marca,
Date of publication, distribution, etc. 1982
300 ## - PHYSICAL DESCRIPTION
Extent 186 páginas ;
Dimensions 23 cm.
504 ## - BIBLIOGRAPHY, ETC. NOTE
Bibliography, etc. note Bibliografía: página 183
505 0# - FORMATTED CONTENTS NOTE
Formatted contents note Concepto y noción de la fe pública -- Falsificación de la moneda -- Falsificación de sellos efectos oficiales y marcas --Falsedad en documentos
650 14 - SUBJECT ADDED ENTRY--TOPICAL TERM
Topical term or geographic name entry element Falsificación de documentos
9 (RLIN) 8202
650 14 - SUBJECT ADDED ENTRY--TOPICAL TERM
Topical term or geographic name entry element Delitos
9 (RLIN) 8808
650 14 - SUBJECT ADDED ENTRY--TOPICAL TERM
Topical term or geographic name entry element Delitos contra la administración pública
9 (RLIN) 516
942 ## - ADDED ENTRY ELEMENTS (KOHA)
Source of classification or shelving scheme Dewey Decimal Classification
Koha item type Books
Existencias
Withdrawn status Lost status Source of classification or shelving scheme Damaged status Not for loan Collection code Home library Current library Date acquired Source of acquisition Full call number Barcode Date last seen Copy number Koha item type
    Dewey Decimal Classification     Non-fiction Biblioteca Pública José María del Castillo y Rada Biblioteca Pública José María del Castillo y Rada 04/15/2018 Donación 364.133 / M657d 430011275 05/16/2024 Ej.1 Books